000 00292nam a2200121Ia 4500
008 230818s2000 xx 000 0 und d
041 _aeng
245 _aManagement Information System
260 _bZerox Copy
_c2000
300 _a96p
520 _aGeneral
999 _c852212
_d852212
650 _aInformation Technology